[Event "Commonwealth-ch"]
[Site "New Delhi"]
[Date "2010.05.10"]
[Round "1"]
[White "Dzhumaev, Marat"]
[Black "Neetakshya, Singh"]
[Result "1-0"]
[WhiteElo "2495"]
[BlackElo "1897"]
[PlyCount "49"]
[EventDate "2010.05.10"]
[EventType "swiss"]
[EventRounds "11"]
[EventCountry "IND"]
[SourceTitle "CBM 136 Extra"]
[Source "ChessBase"]
[SourceDate "2010.07.02"]
[SourceVersion "2"]
[SourceVersionDate "2010.07.15"]
[SourceQuality "1"]

1. e4 c5 2. Nf3 d6 3. Bb5+ Bd7 4. Bxd7+ Qxd7 5. 0-0 Nc6 6. c3 Nf6 7. Qe2 e6 8. a3 Be7 9. b4 cxb4 10. axb4 0-0 11. d3 a6 12. Nbd2 b5 13. Nb3 Rfc8 14. Bd2 Qb7 15. Ne1 Nd7 16. f4 Bf6 17. d4 Nb6 18. Nd3 Nc4 19. e5 Be7 20. f5 exf5 21. e6 fxe6 22. Qxe6+ Kh8 23. Nf4 Nb6 24. Rf3 Qd7 25. Ng6+ 1-0